MARC

LEADER 00000nam0a2200000 4500
001 294269
005 20231102000659.0
035 |a (RuTPU)RU\TPU\book\319324 
090 |a 294269 
100 |a 20150512d1983 k y0rusy5003 ca 
101 0 |a rus 
102 |a RU 
105 |a a z 001zy 
200 1 |a Типоморфные особенности рудных минералов эндогенных образований Якутии  |e сборник научных трудов  |f Академия наук СССР (АН СССР), Сибирское отделение (СО), Якутский филиал (ЯФ), Институт геологии 
210 |a Якутск  |c [Б. и.]  |d 1983 
215 |a 116, 4 с.  |c ил.  |d 20 см 
320 |a Библиография в конце статей 
606 1 |a Рудные месторождения  |x Минералогия  |2 stltpush  |3 (RuTPU)RU\TPU\subj\25950  |9 49982 
610 1 |a типоморфные свойства 
610 1 |a Якутия 
610 1 |a эндогенные образования 
610 1 |a золоторудные месторождения 
610 1 |a оловоносные грейзены 
610 1 |a касситерит 
610 1 |a состав 
610 1 |a кристалломорфология 
610 1 |a самородное золото 
610 1 |a Сибирская платформа 
610 1 |a траппы 
610 1 |a акцессорные шпинелиды 
610 1 |a колчеданные месторождения 
610 1 |a пирититы 
675 |a 553.3/.4:549  |z rus  |v 4 
712 0 2 |a Академия наук СССР (АН СССР)  |b Сибирское отделение (СО)  |b Якутский филиал (ЯФ)  |b Институт геологии  |c (Якутск)  |2 stltpush  |3 (RuTPU)RU\TPU\col\8181 
801 0 |a RU  |b RuMRKP  |c 19950704  |g psbo 
801 1 |a RU  |b 63413507  |c 20150512 
801 2 |a RU  |b 63413507  |c 20180504  |g RCR 
942 |c BK